[Event "European Blitz 2021"]
[Site "Katowice POL"]
[Date "2021.12.17"]
[Round "1.30"]
[White "Dobosiewicz, Dawid"]
[Black "Dragnev, Valentin"]
[Result "0-1"]
[BlackTitle "GM"]
[WhiteElo "1707"]
[BlackElo "2535"]
[WhiteFideId "21001448"]
[BlackFideId "1634852"]
[EventDate "2021.12.17"]

1. e4 d5 2. exd5 Qxd5 3. Nc3 Qa5 4. Bc4 Nf6 5. d4 Bg4 6. Ne2 Nc6 7. f3 Bf5 8.
Bd2 Qb4 9. Nb5 Qxc4 10. Nxc7+ Kd8 11. Nxa8 e6 12. Bg5 Be7 13. Bxf6 Bxf6 14. c3
Kd7 15. O-O Rxa8 16. Ng3 Bg6 17. Ne4 Ke7 18. Qb3 Qxb3 19. axb3 a6 20. b4 Rc8 21.
Kh1 h5 22. Nc5 Nd8 23. Rfe1 Kd6 24. Ne4+ Kc7 25. Rad1 Nc6 26. d5 exd5 27. Rxd5
Re8 28. Red1 Bxe4 29. fxe4 Ne5 30. c4 h4 31. b5 axb5 32. cxb5 Re6 33. Rc1+ Kb6
34. b4 Ng4 35. g3 h3 36. Kg1 Be7 37. e5 Nxe5 38. Kf2 Ng4+ 39. Kg1 Ne3 40. Rd3
Bxb4 41. Rd4 Bc5 42. Rxc5 Kxc5 0-1

[Event "European Blitz 2021"]
[Site "Katowice POL"]
[Date "2021.12.17"]
[Round "1.42"]
[White "Orlik, Sandra"]
[Black "Kosakowski, Jakub"]
[Result "0-1"]
[BlackTitle "IM"]
[WhiteElo "1835"]
[BlackElo "2437"]
[WhiteFideId "1195140"]
[BlackFideId "1185080"]
[EventDate "2021.12.17"]

1. e4 c5 2. Nf3 a6 3. d4 cxd4 4. Nxd4 Nf6 5. Bd3 e5 6. Nb3 Nc6 7. O-O Be7 8. Nc3
O-O 9. Kh1 d6 10. f4 b5 11. Nd5 h6 12. c3 Be6 13. Bc2 Rc8 14. Nxf6+ Bxf6 15. f5
Bc4 16. Rf3 d5 17. exd5 Qxd5 18. Rg3 Qxd1+ 19. Bxd1 Kh7 20. Bf3 Ne7 21. Be4 Rfd8
22. Be3 Bd3 23. Bxd3 Rxd3 24. Rf1 Rcd8 25. Bc5 Rd1 26. Rf3 R8d3 27. Bxe7 Bxe7
28. Kg1 a5 29. Nc1 Bc5+ 30. Kh1 Rxf3 31. gxf3 Rxf1+ 0-1

[Event "European Blitz 2021"]
[Site "Katowice POL"]
[Date "2021.12.17"]
[Round "2.2"]
[White "Balog, Imre"]
[Black "Hasterok, Lukasz"]
[Result "1-0"]
[WhiteTitle "GM"]
[WhiteElo "2577"]
[BlackElo "1619"]
[WhiteFideId "728446"]
[BlackFideId "21822344"]
[EventDate "2021.12.17"]

1. d4 Nf6 2. c4 e6 3. Nc3 Bb4 4. e3 b6 5. Ne2 Bb7 6. a3 Bxc3+ 7. Nxc3 d6 8. Bd3
Nbd7 9. O-O O-O 10. e4 e5 11. d5 Nc5 12. Bc2 a5 13. b3 Bc8 14. Be3 Ng4 15. Bd2
f5 16. exf5 Bxf5 17. Bxf5 Rxf5 18. Qxg4 Rf7 19. Rab1 Qf6 20. b4 Nd3 21. Ne4 Qg6
22. Qxg6 hxg6 23. bxa5 bxa5 24. g3 Raf8 25. Rb3 Nc5 26. Nxc5 dxc5 27. Bxa5 e4
28. Bd2 Ra8 29. Be3 Ra5 30. Ra1 Rf6 31. Rb5 Ra4 32. Rxc5 1-0

[Event "European Blitz 2021"]
[Site "Katowice POL"]
[Date "2021.12.17"]
[Round "3.9"]
[White "Stanisz, Patryk"]
[Black "Laurusas, Tomas"]
[Result "0-1"]
[WhiteTitle "CM"]
[BlackTitle "IM"]
[WhiteElo "2158"]
[BlackElo "2557"]
[WhiteFideId "1123106"]
[BlackFideId "12803731"]
[EventDate "2021.12.17"]

1. d4 Nf6 2. c4 e6 3. Nc3 Bb4 4. f3 c5 5. d5 O-O 6. e4 b5 7. cxb5 exd5 8. exd5
a6 9. Bd3 axb5 10. Ne2 c4 11. Bc2 Qb6 12. Qd4 Bc5 13. Qh4 Re8 14. Bg5 h6 15.
Bxf6 Qxf6 16. Qxf6 gxf6 17. Ne4 Be7 18. d6 Bd8 19. Nd4 b4 20. Nf5 b3 21. Bb1 c3
22. a4 c2 23. O-O Bb7 24. Nxh6+ Kh7 25. Nxf7 Bb6+ 26. Kh1 Bxe4 27. fxe4 Kg7 28.
e5 Kxf7 29. Rxf6+ Kg7 30. Bxc2 bxc2 31. Raf1 Rxe5 32. Rf7+ Kg6 33. h3 c1=Q 34.
Rf6+ Kg5 35. h4+ Kxh4 36. Rxc1 Nc6 37. Rcf1 Rh8 38. g3+ Kg4+ 39. Kg2 Re2+ 0-1

[Event "European Blitz 2021"]
[Site "Katowice POL"]
[Date "2021.12.17"]
[Round "3.14"]
[White "Redzisz, Michal"]
[Black "Bernadskiy, Vitaliy"]
[Result "0-1"]
[WhiteTitle "FM"]
[BlackTitle "GM"]
[WhiteElo "2261"]
[BlackElo "2599"]
[WhiteFideId "21816107"]
[BlackFideId "14100371"]
[EventDate "2021.12.17"]

1. d4 Nf6 2. Nf3 g6 3. c4 Bg7 4. g3 O-O 5. Bg2 d6 6. O-O Nbd7 7. Nc3 e5 8. e4 b6
9. Re1 Bb7 10. h3 exd4 11. Nxd4 Re8 12. f3 c6 13. Be3 d5 14. exd5 cxd5 15. f4
Nc5 16. cxd5 Nxd5 17. Nxd5 Bxd5 18. Nc6 Bxc6 19. Bxc6 Rxe3 20. Rxe3 Bd4 21. Qf3
Rc8 22. Re1 Qf6 23. Bd5 Nd3 24. Kh1 Bxe3 25. Rxe3 Rc1+ 26. Kh2 Qxb2+ 27. Re2 Rc2
28. Rxc2 Qxc2+ 29. Kg1 Qc5+ 30. Kf1 Qd4 0-1

[Event "European Blitz 2021"]
[Site "Katowice POL"]
[Date "2021.12.17"]
[Round "3.20"]
[White "Galuszka, Tomasz"]
[Black "Kyc, Jerzy"]
[Result "0-1"]
[WhiteElo "2181"]
[BlackElo "2250"]
[WhiteFideId "21816409"]
[BlackFideId "1163922"]
[EventDate "2021.12.17"]

1. e4 c5 2. Nf3 d6 3. d4 cxd4 4. Nxd4 Nf6 5. Nc3 a6 6. h3 e5 7. Nde2 h5 8. g3
Be7 9. Bg2 Nbd7 10. O-O b5 11. a4 bxa4 12. Nd5 Nxd5 13. exd5 Nb6 14. Nc3 Bd7 15.
h4 g6 16. Qd3 O-O 17. Bh6 Re8 18. Ne4 Bb5 19. Qf3 Bxf1 20. Bxf1 f5 21. Ng5 Bxg5
22. Bxg5 Qc7 23. c3 Kh7 24. Bc1 Rab8 25. Bxa6 Nc4 26. Qe2 Na5 27. Qe3 Qg7 28.
Rxa4 Nb3 29. Bf1 Nc5 30. Ra5 Rb7 31. b4 Nb3 32. Ra6 Nxc1 33. Qxc1 Rd8 34. Qa3 e4
35. c4 Qe5 36. c5 dxc5 37. bxc5 Rxd5 38. c6 Rc7 39. Ra7 Rd8 40. Bc4 Rc8 41.
Rxc7+ Rxc7 42. Qf8 Rg7 43. Kg2 e3 44. fxe3 Qe4+ 0-1

[Event "European Blitz 2021"]
[Site "Katowice POL"]
[Date "2021.12.17"]
[Round "3.27"]
[White "Budzisz, Adrian"]
[Black "Gumularz, Szymon"]
[Result "0-1"]
[BlackTitle "GM"]
[WhiteElo "1985"]
[BlackElo "2539"]
[WhiteFideId "21860238"]
[BlackFideId "1188062"]
[EventDate "2021.12.17"]

1. d4 d6 2. e4 Nf6 3. Nc3 e5 4. dxe5 dxe5 5. Qxd8+ Kxd8 6. Bg5 Be6 7. O-O-O+ Nd7
8. Nd5 Kc8 9. Nxf6 gxf6 10. Rxd7 fxg5 11. Rd3 Bc5 12. Nf3 f6 13. Be2 Bxf2 14.
Rf1 Bc5 15. Nd2 Be7 16. h3 h5 17. Rdf3 c6 18. Bc4 Bd7 19. Rd3 Kc7 20. Rf2 Rad8
21. Nf1 Bc8 22. Ng3 b5 23. Bb3 Rxd3 24. cxd3 a6 25. Nf5 Bc5 26. Rf1 a5 27. Bd1
a4 28. Kd2 Be6 29. b3 axb3 30. Bxb3 Bxb3 31. axb3 Ra8 32. Ng7 Ra2+ 33. Kc1 Ra1+ 0-1

[Event "European Blitz 2021"]
[Site "Katowice POL"]
[Date "2021.12.17"]
[Round "5.2"]
[White "Janaszak, Dawid"]
[Black "Balog, Imre"]
[Result "1-0"]
[WhiteTitle "FM"]
[BlackTitle "GM"]
[WhiteElo "2333"]
[BlackElo "2577"]
[WhiteFideId "1119206"]
[BlackFideId "728446"]
[EventDate "2021.12.17"]

1. e4 e6 2. d4 d5 3. Bd3 c5 4. exd5 exd5 5. c3 Nc6 6. Nf3 c4 7. Bc2 Be7 8. O-O
Nf6 9. b3 cxb3 10. axb3 Bg4 11. Qd3 Bh5 12. Ne5 Nxe5 13. dxe5 Bg6 14. Qb5+ Qd7
15. Qxd7+ Nxd7 16. Bxg6 hxg6 17. Bf4 Nc5 18. Nd2 a6 19. Be3 Ne6 20. f4 Rc8 21.
Rfc1 f6 22. Nf3 Kf7 23. c4 dxc4 24. bxc4 Rhd8 25. Rab1 Rd7 26. g4 f5 27. gxf5
gxf5 28. Kf2 Rdc7 29. Nd2 Rh8 30. Kg3 Rd7 31. Rc3 g5 32. Nf3 g4 33. Ng1 Bc5 34.
Re1 Rhd8 35. Bxc5 Nxc5 36. Rc2 Rd3+ 37. Kg2 Ne6 38. Ne2 Re3 39. Kf2 Rf3+ 40. Kg2
Rd7 41. Rb1 Re3 42. Kf2 Rf3+ 43. Kg2 Nc5 44. Rb6 Ne6 45. c5 Rc7 46. c6 bxc6 47.
Rcxc6 Rxc6 48. Rxc6 Ra3 49. Rb6 Ra2 50. Kf1 Ra4 51. Rb7+ Ke8 52. Rb6 Kd7 53.
Rd6+ Ke7 54. Rb6 Nxf4 55. Ng3 Ra1+ 56. Kf2 Ra2+ 57. Kf1 Nd3 58. Nxf5+ Ke8 59. e6 1-0

[Event "European Blitz 2021"]
[Site "Katowice POL"]
[Date "2021.12.17"]
[Round "5.3"]
[White "Lewtak, Damian"]
[Black "Sumets, Andrey"]
[Result "0-1"]
[WhiteTitle "IM"]
[BlackTitle "GM"]
[WhiteElo "2383"]
[BlackElo "2524"]
[WhiteFideId "1141724"]
[BlackFideId "14105500"]
[EventDate "2021.12.17"]

1. c3 d5 2. d4 Nf6 3. Bf4 Bf5 4. e3 e6 5. Nd2 c5 6. Ngf3 Nc6 7. Bb5 Qb6 8. Qa4
a6 9. Bxc6+ bxc6 10. b3 Qb5 11. Qxb5 cxb5 12. a4 Rc8 13. axb5 axb5 14. Ke2 Nd7
15. Ra6 Be7 16. Rha1 f6 17. Ra7 g5 18. Bg3 h5 19. h4 g4 20. Ne1 b4 21. c4 Bd8
22. Rb7 Rh7 23. Ra6 Nf8 24. Rxh7 Bxh7 25. dxc5 Nd7 26. c6 Nc5 27. Ra7 Bf5 28.
Bd6 Rxc6 29. Bxc5 Rxc5 30. Nd3 Bxd3+ 31. Kxd3 Be7 32. Rb7 Rc8 33. e4 dxe4+ 34.
Nxe4 f5 35. Ng3 Rd8+ 36. Ke2 Bxh4 37. Nxh5 Be7 38. c5 Rc8 39. Rxb4 Rxc5 40. Rc4
Rb5 41. Rc3 Kf7 42. Ng3 Bf6 43. Rd3 Ra5 44. f3 Ra2+ 45. Rd2 gxf3+ 46. gxf3 Ra3
47. Rd3 Be5 48. Nf1 Ra1 49. Ne3 Rh1 50. Nc4 Bf4 51. Rd7+ Kf6 52. Rd8 Rb1 53. Rd3 0-1

[Event "European Blitz 2021"]
[Site "Katowice POL"]
[Date "2021.12.17"]
[Round "5.9"]
[White "Kacprzak, Karol"]
[Black "Pakleza, Zbigniew"]
[Result "1-0"]
[BlackTitle "GM"]
[WhiteElo "2226"]
[BlackElo "2489"]
[WhiteFideId "21819327"]
[BlackFideId "1119290"]
[EventDate "2021.12.17"]

1. e4 d6 2. d4 Nf6 3. Nc3 c6 4. a4 Nbd7 5. Nf3 e5 6. Bc4 Be7 7. O-O O-O 8. Qe2
exd4 9. Nxd4 Re8 10. Ba2 Bf8 11. Re1 d5 12. Bg5 h6 13. Bh4 Qb6 14. Qd2 Nxe4 15.
Nxe4 dxe4 16. Qf4 Ne5 17. Rxe4 Qxb2 18. Rae1 Qxa2 19. Rxe5 Rxe5 20. Qxe5 Bd7 21.
Qc7 Re8 22. Rf1 Qd5 23. Nf3 c5 24. Bg3 Qc6 25. Qf4 Qxa4 26. Qd2 Bb5 27. Re1
Rxe1+ 28. Nxe1 Qd4 29. Qc1 a5 30. Nf3 Qd5 31. Ne5 a4 32. c4 Bxc4 33. Nxc4 b5 34.
Ne3 Qb3 35. Be5 a3 36. h3 a2 37. Kh2 f6 38. Ba1 Qb1 39. Qc3 Bd6+ 1-0

[Event "European Blitz 2021"]
[Site "Katowice POL"]
[Date "2021.12.17"]
[Round "5.13"]
[White "Zylka, Stanislaw"]
[Black "Donchenko, Alexander"]
[Result "0-1"]
[WhiteTitle "FM"]
[BlackTitle "GM"]
[WhiteElo "2406"]
[BlackElo "2636"]
[WhiteFideId "1189654"]
[BlackFideId "24603295"]
[EventDate "2021.12.17"]

1. e4 c6 2. Nf3 d5 3. Nc3 Bg4 4. Be2 Nf6 5. e5 Nfd7 6. d4 Bxf3 7. Bxf3 e6 8. Ne2
c5 9. c3 cxd4 10. cxd4 Bb4+ 11. Kf1 Nc6 12. a3 Be7 13. g3 Qb6 14. Kg2 O-O 15. h4
Na5 16. Bg5 Rfe8 17. b4 Nc4 18. Qd3 Bf8 19. h5 a5 20. h6 g6 21. bxa5 Rxa5 22.
Rhb1 Qa6 23. a4 b6 24. Nc3 Rc8 25. Be2 Qa8 26. Qf3 Na3 27. Rc1 Nc4 28. Rcb1 Qc6
29. Rb3 Rca8 30. Rc1 Qc8 31. Rcb1 Qe8 32. Rb5 Be7 33. Bxe7 Qxe7 34. Qd3 Qf8 35.
Qc2 Na3 36. Qd2 Nxb1 37. Rxb1 R5a7 38. Bb5 Rc7 39. Nd1 Rac8 40. Ne3 f5 41. exf6
Nxf6 42. Qd1 Qxh6 43. Qf3 Qg7 44. Rh1 Ne4 45. Ng4 Rf8 46. Qe3 Rc2 47. Bd3 Rcxf2+
48. Nxf2 Rxf2+ 49. Kg1 Rf5 50. Bxe4 dxe4 51. Qxe4 0-1

[Event "European Blitz 2021"]
[Site "Katowice POL"]
[Date "2021.12.17"]
[Round "5.14"]
[White "Swicarz, Maciej"]
[Black "Andersen, Mads"]
[Result "1/2-1/2"]
[BlackTitle "GM"]
[WhiteElo "2330"]
[BlackElo "2574"]
[WhiteFideId "1113585"]
[BlackFideId "1413864"]
[EventDate "2021.12.17"]

1. c4 c5 2. Nf3 Nf6 3. Nc3 d5 4. cxd5 Nxd5 5. d4 Nxc3 6. bxc3 g6 7. e3 Bg7 8.
Be2 O-O 9. O-O Nc6 10. Ba3 b6 11. Qb3 Qc7 12. Rac1 Rd8 13. dxc5 Be6 14. Qc2 bxc5
15. Bxc5 Qa5 16. Bd4 Qxa2 17. Bxg7 Qxc2 18. Rxc2 Kxg7 19. Nd4 Bd5 20. Ra1 a5 21.
Bb5 Nxd4 22. cxd4 Rdb8 23. Bc6 Bxc6 24. Rxc6 Rb2 25. g3 a4 26. Rc3 Ra6 27. Rca3
Rf6 28. Rf1 Rb4 29. Rfa1 Ra6 30. R1a2 g5 31. Kg2 g4 32. h3 h5 33. h4 e6 34. Rc3
Kf6 35. Rc5 Kg6 36. Rg5+ Kh6 37. Rc5 a3 38. Rc3 Rba4 39. Rb3 Kg6 40. Rb5 f6 41.
Rc5 Rb6 42. Rc3 Rba6 43. Rc5 R4a5 44. Rc3 Kf5 45. Rb3 Ke4 46. Rc3 Kd5 47. Kf1
Ke4 48. Kg2 Ra4 49. Rb3 R6a5 50. Rc3 Kd5 51. Kf1 e5 52. dxe5 fxe5 53. Kg2 Ke4
54. Rb3 1/2-1/2

[Event "European Blitz 2021"]
[Site "Katowice POL"]
[Date "2021.12.17"]
[Round "5.17"]
[White "Kyc, Jerzy"]
[Black "Starek, Stanislav"]
[Result "1-0"]
[WhiteElo "2250"]
[BlackElo "2198"]
[WhiteFideId "1163922"]
[BlackFideId "349844"]
[EventDate "2021.12.17"]

1. e4 d5 2. Nc3 dxe4 3. Nxe4 Nf6 4. Nxf6+ exf6 5. Nf3 Bd6 6. d4 Bg4 7. Be2 O-O
8. O-O c6 9. h3 Bh5 10. Nh4 Bg6 11. Bd3 Nd7 12. Nf5 Qc7 13. Qf3 Nb6 14. c4 c5
15. b4 Bxf5 16. Qxf5 g6 17. Qxf6 cxd4 18. Bh6 Be5 19. Qf3 Nxc4 20. Bxc4 Qxc4 21.
Bxf8 Rxf8 22. Qxb7 d3 23. Rad1 Rd8 24. Qxa7 Qxb4 25. Qe3 Qc3 26. Rfe1 Bd4 27.
Qf3 Qc2 28. Kh1 Bc3 29. Re7 Qxa2 30. Re3 Qc2 31. Rexd3 Rxd3 32. Qxd3 Qxd3 33.
Rxd3 Bf6 34. f4 Kg7 35. g3 h5 36. Kg2 Kf8 37. Kf3 Kg7 38. Ke4 Be7 39. f5 Kf6 40.
fxg6 fxg6 41. Rd5 Ke6 42. Rb5 Kf6 43. Rb6+ Kg5 44. h4+ Kh6 45. Ke5 Bd8 46. Rc6
Ba5 47. Kf6 Be1 48. Kf7 Kh7 49. Rxg6 Bf2 50. Rg5 Kh6 51. Kf6 Bd4+ 52. Kf5 Bf2
53. Rg6+ Kh7 1-0

[Event "European Blitz 2021"]
[Site "Katowice POL"]
[Date "2021.12.17"]
[Round "5.18"]
[White "Teclaf, Pawel"]
[Black "Sliwicka, Alicja"]
[Result "1-0"]
[WhiteTitle "IM"]
[BlackTitle "WIM"]
[WhiteElo "2542"]
[BlackElo "2289"]
[WhiteFideId "1185934"]
[BlackFideId "1150677"]
[EventDate "2021.12.17"]

1. b4 e5 2. Bb2 Bxb4 3. Bxe5 Nf6 4. Nf3 Nc6 5. Bb2 d5 6. e3 O-O 7. Be2 Bf5 8.
O-O Qe7 9. Nc3 Rad8 10. Nb5 a6 11. Nbd4 Nxd4 12. Nxd4 Bc8 13. Nf3 Ne4 14. Rb1
Bg4 15. Bc1 b6 16. Nd4 Bd7 17. Bxa6 Bd6 18. Nf3 f5 19. Be2 f4 20. Bb2 Bg4 21. d3
Nf6 22. exf4 Bxf4 23. Re1 Qd6 24. h3 Bh5 25. Nd4 Bg6 26. Bf3 Rde8 27. Rxe8 Rxe8
28. Bc1 c5 29. Nb5 Qb8 30. Bxf4 Qxf4 31. Qc1 Qe5 32. Qd2 Nh5 33. Bxh5 Bxh5 34.
d4 cxd4 35. Nxd4 Bf7 36. c3 Qe4 37. Rxb6 Ra8 38. Rb2 h6 39. Qe2 Qf4 40. Qe3 Qf6
41. Qg3 Re8 42. Rb8 Rxb8 43. Qxb8+ Kh7 44. Qg3 Qb6 45. Qf4 Bg6 46. Qd2 Qb1+ 47.
Kh2 Qe4 48. Ne2 Qe5+ 49. Nf4 Be4 50. f3 g5 51. fxe4 1-0

[Event "European Blitz 2021"]
[Site "Katowice POL"]
[Date "2021.12.17"]
[Round "5.19"]
[White "Bogdanov, Ignat"]
[Black "Blohberger, Felix"]
[Result "0-1"]
[BlackTitle "IM"]
[WhiteElo "2058"]
[BlackElo "2503"]
[WhiteFideId "14139650"]
[BlackFideId "1632051"]
[EventDate "2021.12.17"]

1. d4 Nf6 2. c4 e6 3. Nc3 Bb4 4. Qc2 Nc6 5. Nf3 d6 6. Bg5 h6 7. Bxf6 Qxf6 8. e3
O-O 9. a3 Bxc3+ 10. Qxc3 e5 11. dxe5 dxe5 12. Be2 a5 13. O-O Bg4 14. h3 Bh5 15.
Rfd1 Rad8 16. b4 axb4 17. axb4 e4 18. Qxf6 gxf6 19. Nd4 Rxd4 20. Bxh5 Rxc4 21.
b5 Ne5 22. Ra7 b6 23. Be2 Rc2 24. Bf1 Kg7 25. Rd4 f5 26. Rd5 Kf6 27. Ra1 h5 28.
Ra7 h4 29. Ra1 Rg8 30. Rad1 Ra8 31. R5d2 Raa2 32. Rxc2 Rxc2 33. Rb1 Nd3 34. Bxd3
exd3 35. Rd1 Rc3 36. g3 hxg3 37. fxg3 Rb3 38. Kg2 Rxb5 39. Rxd3 Rc5 40. h4 b5
41. Rd8 b4 42. Rb8 Rc4 43. Kf3 c5 44. Rb6+ Kg7 45. h5 Re4 46. Rb5 Rc4 47. Rb6
Rg4 48. Rb5 Rc4 49. Rb6 Kh7 50. Rb7 Kh6 51. Rxf7 b3 0-1

[Event "European Blitz 2021"]
[Site "Katowice POL"]
[Date "2021.12.17"]
[Round "5.20"]
[White "Sadzikowski, Daniel"]
[Black "Putlak, Wojciech"]
[Result "1-0"]
[WhiteTitle "GM"]
[WhiteElo "2525"]
[BlackElo "2000"]
[WhiteFideId "1132253"]
[BlackFideId "1183303"]
[EventDate "2021.12.17"]

1. Nf3 Nf6 2. c4 c5 3. Nc3 g6 4. d4 cxd4 5. Nxd4 Bg7 6. e4 d6 7. Be2 O-O 8. O-O
Bd7 9. Be3 Nc6 10. Qd2 Ng4 11. Bxg4 Bxg4 12. Nxc6 bxc6 13. Bh6 Be6 14. Bxg7 Kxg7
15. b3 Qa5 16. f4 f6 17. Rae1 Rad8 18. Kh1 Bg8 19. Qe3 Qb6 20. Qg3 e5 21. f5 g5
22. Rd1 Bf7 23. Rd3 Rd7 24. Rfd1 Rfd8 25. Qf3 h5 26. R1d2 h4 27. Qd1 Qa5 28. Qf3
Qc5 29. Na4 Qb4 30. Nc3 Qc5 31. Qe3 Qxe3 32. Rxe3 Kf8 33. Red3 Ke7 34. Kg1 c5
35. g3 hxg3 36. hxg3 a6 37. Rh2 Rg8 38. g4 Rdd8 39. Rdh3 Rg7 40. Kf2 Rdg8 41.
Ke3 Rb8 42. Rh6 Rbg8 43. Rh1 Rb8 44. R6h2 Rc8 45. Rd1 Rd8 46. Rhd2 Rh7 47. Ne2
Rh3+ 48. Kf2 Rh4 49. Kg3 Rhh8 50. Nc3 Rd7 51. Re1 Rdd8 1-0

[Event "European Blitz 2021"]
[Site "Katowice POL"]
[Date "2021.12.17"]
[Round "5.21"]
[White "Sanz Wawer, Daniel"]
[Black "Danielyan, Vahe"]
[Result "1/2-1/2"]
[WhiteTitle "FM"]
[BlackTitle "IM"]
[WhiteElo "2371"]
[BlackElo "2332"]
[WhiteFideId "1185543"]
[BlackFideId "13304828"]
[EventDate "2021.12.17"]

1. e4 e5 2. Nf3 Nc6 3. Bb5 a6 4. Ba4 Nf6 5. O-O Be7 6. Re1 b5 7. Bb3 O-O 8. c3
d6 9. h3 Bb7 10. d4 Re8 11. Nbd2 exd4 12. cxd4 Nd7 13. Nf1 Na5 14. Bc2 c5 15. d5
Bf6 16. Ng3 g6 17. Rb1 Nc4 18. b3 Nce5 19. Nxe5 Bxe5 20. f4 Bd4+ 21. Be3 Bxe3+
22. Rxe3 Qh4 23. Qf3 Re7 24. Rbe1 Rae8 25. Kh2 Nf6 26. Nf1 Bc8 27. Kg1 Nh5 28.
f5 Qg5 29. R1e2 Nf4 30. Re1 h5 31. fxg6 fxg6 32. Kh2 h4 33. Nd2 Nh5 34. Rf1 Qe5+
35. Kg1 Ng3 36. Rf2 Qg7 37. Qf4 g5 38. Qf3 Bb7 39. Nf1 Bxd5 40. Nxg3 hxg3 41.
Qxg3 Bxe4 42. Bxe4 Rxe4 43. Rxe4 Rxe4 44. Qxd6 Re1+ 45. Kh2 Qe5+ 46. Qxe5 Rxe5
47. Rf6 c4 48. bxc4 bxc4 49. Rc6 Ra5 50. Rxc4 Rxa2 1/2-1/2

[Event "European Blitz 2021"]
[Site "Katowice POL"]
[Date "2021.12.17"]
[Round "5.26"]
[White "Nasuta, Grzegorz"]
[Black "Karolczuk, Iwo"]
[Result "1/2-1/2"]
[WhiteTitle "GM"]
[BlackTitle "FM"]
[WhiteElo "2521"]
[BlackElo "2357"]
[WhiteFideId "1141686"]
[BlackFideId "21816972"]
[EventDate "2021.12.17"]

1. e4 c5 2. Nf3 Nc6 3. Bb5 e6 4. O-O Nge7 5. Re1 a6 6. Bf1 Nd4 7. d3 Nxf3+ 8.
Qxf3 Nc6 9. Qg3 h5 10. Bg5 f6 11. Be3 Qe7 12. c3 h4 13. Qf3 e5 14. Na3 d6 15.
Nc4 Qc7 16. a4 Be6 17. b3 O-O-O 18. d4 cxd4 19. cxd4 exd4 20. Bd2 Kb8 21. Rec1
Qf7 22. b4 d5 23. Nb6 dxe4 24. Qxe4 f5 25. Qd3 Ne5 26. Bf4 Bd6 27. Qe2 d3 28.
Qe3 Ng4 29. Bxd6+ Rxd6 30. Qf4 Rd8 31. h3 Nf6 32. a5 Ka7 33. b5 d2 34. Rd1 Bb3 1/2-1/2

[Event "European Blitz 2021"]
[Site "Katowice POL"]
[Date "2021.12.17"]
[Round "5.27"]
[White "Batashevs, Arsens"]
[Black "Spalir, Jernej"]
[Result "1/2-1/2"]
[BlackTitle "IM"]
[WhiteElo "2165"]
[BlackElo "2373"]
[WhiteFideId "11603593"]
[BlackFideId "14606518"]
[EventDate "2021.12.17"]

1. Nf3 d5 2. b3 Nf6 3. Bb2 Bf5 4. e3 e6 5. c4 h6 6. Nc3 c6 7. Be2 Nbd7 8. O-O
Bd6 9. cxd5 exd5 10. Nd4 Bh7 11. f4 O-O 12. Kh1 c5 13. Nf3 a6 14. Rc1 Qe7 15.
Re1 Rad8 16. a3 Rfe8 17. g3 Qe6 18. Kg2 Bf5 19. d4 Bh3+ 20. Kh1 Ng4 21. Qd2 Qxe3
22. Qxe3 Rxe3 23. Ne5 Bxe5 24. fxe5 cxd4 25. Nxd5 Rxb3 26. Bxd4 Ngxe5 27. Nf4
Bf5 28. Bd1 Rb5 29. a4 Ra5 30. Rc7 Nd3 31. Nxd3 Bxd3 32. Re7 Nf8 33. Bc3 Rf5 34.
Bg4 Rf1+ 35. Kg2 Ng6 36. Red7 Rxd7 37. Rxd7 Bc4 38. Rc7 Bd3 39. Rxb7 Rc1 40.
Rb8+ Kh7 41. Bd4 Rc2+ 42. Kg1 Be4 43. Rb2 Rxb2 44. Bxb2 Bd3 45. Kf2 f5 46. Bf3
Ne7 47. Ke3 Bf1 48. Kf2 Bc4 49. Ke3 Bd5 50. Be2 Bb7 51. Kd4 g5 52. Ke5 Kg6 53.
h4 gxh4 54. gxh4 h5 55. Bd3 1/2-1/2

[Event "European Blitz 2021"]
[Site "Katowice POL"]
[Date "2021.12.17"]
[Round "6.13"]
[White "Donchenko, Alexander"]
[Black "Zylka, Stanislaw"]
[Result "1-0"]
[WhiteTitle "GM"]
[BlackTitle "FM"]
[WhiteElo "2636"]
[BlackElo "2406"]
[WhiteFideId "24603295"]
[BlackFideId "1189654"]
[EventDate "2021.12.17"]

1. d4 Nf6 2. c4 g6 3. Nc3 d5 4. Nf3 Bg7 5. Qb3 dxc4 6. Qxc4 O-O 7. e4 Nc6 8. Be2
e5 9. d5 Nd4 10. Nxd4 exd4 11. Qxd4 c6 12. Qc4 b5 13. Qxc6 Bd7 14. Qd6 Re8 15.
e5 b4 16. Qxb4 Rxe5 17. O-O Nxd5 18. Nxd5 Rxe2 19. Rd1 Rb8 20. Qd6 Qe8 21. Bg5
Ba4 22. Rf1 Rbxb2 23. Nf6+ Bxf6 24. Bxf6 Rb6 25. Qf4 Re4 26. Qf3 Bb5 27. Rfd1
Be2 28. Qxe4 Re6 29. Qf4 Bxd1 30. h4 Bc2 31. Kh2 h5 32. Rc1 Bf5 33. Ba1 Re4 34.
Qg5 Qe7 35. Bf6 Qd6+ 36. Kg1 Rg4 37. Be7 Rxg5 38. Bxd6 Rg4 39. Be7 Ra4 40. a3
Re4 41. Bf6 Re2 42. Rd1 Re8 43. f3 Rc8 44. Kf2 Be6 45. Rd6 Kf8 46. Kg3 Ke8 47.
Kf4 Bd7 48. Kg5 Rc6 49. Rd5 Ra6 50. Re5+ Be6 51. Re3 Kd7 52. Rd3+ Kc6 53. Be7
Ra5+ 54. Kh6 Rd5 55. Rc3+ Kb5 56. Kg7 Rd2 57. g3 Rg2 58. Bd6 Rf2 59. Re3 Rf1 60.
Kf8 Kc4 61. Ke7 Kd4 62. Re4+ Kd5 63. Re5+ Kc4 64. Ra5 Rxf3 65. Rxa7 Bd5 1-0

[Event "European Blitz 2021"]
[Site "Katowice POL"]
[Date "2021.12.17"]
[Round "6.23"]
[White "Rozman, Monika"]
[Black "Gumularz, Szymon"]
[Result "0-1"]
[WhiteTitle "WFM"]
[BlackTitle "GM"]
[WhiteElo "2084"]
[BlackElo "2539"]
[WhiteFideId "14609118"]
[BlackFideId "1188062"]
[EventDate "2021.12.17"]

1. e4 d6 2. d4 Nf6 3. Nc3 e5 4. dxe5 dxe5 5. Qxd8+ Kxd8 6. Nf3 Bd6 7. Bg5 Nd7 8.
Bc4 Ke8 9. O-O-O a6 10. Rhe1 h6 11. Bh4 b5 12. Bb3 Bb7 13. Nd5 Nxd5 14. exd5 Kf8
15. Bg3 Re8 16. c3 g6 17. Nd2 f5 18. f3 Nc5 19. Nf1 Kg7 20. Bf2 Re7 21. Kc2 Rhe8
22. h4 e4 23. Bd4+ Kh7 24. Ne3 Nd3 25. Rf1 Nf4 26. Bf6 Rf7 27. Bd4 Ne2 28. fxe4
Rxe4 29. Rf3 Rfe7 30. Nf1 Nxd4+ 31. cxd4 Rxh4 32. Rd2 h5 33. Ne3 Rhe4 34. Kd3 a5
35. a3 Ba6 36. Kc2 Rxe3 0-1